000 00493nam a22001817a 4500
003 MPLRDC
005 20220104124656.0
008 210129b ||||| |||| 00| 0 eng d
020 _a7-5358-0771-2
082 _a857.45 HNSN v.1
100 _a罗贯中原著
245 _a三国演义
_c剑书改编; 毛国保等绘画
250 _a一版二刷
260 _a
_b湖南少年儿童出版社
_c1993
300 _b
650 _a历史小说--三国演义
942 _cBK
_o857.45 HNSN v.1
999 _c21247
_d21237